00417nam a2200145Ia 4500003000400000008004100004040001600045082001300061100002100074245005900095260005100154300001000205650002200215650003400237GCL140319s9999 xx 000 0 eng d aGCL / cGCL04a193bC N1 aCLARK, MAUDEMARE10aNIETZSCHE ON TRUTH AND PHILOSOPHY / cCLARK, MAUDEMARE a[S.N] : bCAMLRIDGE UNIVERSITY PRESS ، c1991 a298 P04aMODERN PHILOSOPHY04aNIETZSCHE, F. W.(1844 - 1900)